Washington & Leaver's principles and practice of radiation therapy / (Record no. 2630)
[ view plain ]
| 000 -LEADER | |
|---|---|
| fixed length control field | 00965cam a2200181 i 4500 |
| 008 - FIXED-LENGTH DATA ELEMENTS--GENERAL INFORMATION | |
| fixed length control field | 191029s2021 moua b 001 0 eng |
| 020 ## - INTERNATIONAL STANDARD BOOK NUMBER | |
| ISBN | 9780323596954 |
| 245 00 - TITLE STATEMENT | |
| Title | Washington & Leaver's principles and practice of radiation therapy / |
| Statement of responsibility, etc | [edited by] Charles M. Washington, EdD, MBA, RT(T), FASRT, Senior Director, Radiation Oncology, Memorial Sloan Kettering Cancer Center, New York, New York, Dennis Leaver, MS, RT(R)(T), FASRT, Professor Emeritus, Department of Biology, Southern Maine Community College, South Portland, Maine, Megan Trad, PhD, MSRS, RT(T), Associate Professor, Radiation Therapy, Texas State University, San Marcos, Texas. |
| 250 ## - EDITION STATEMENT | |
| Edition statement | Fifth edition. |
| 260 ## - PUBLICATION, DISTRIBUTION, ETC. (IMPRINT) | |
| Place of publication | Missouri |
| Name of publisher | Elsevier Ltd |
| Date of publication | 2021 |
| 300 ## - COLLATION | |
| Pagination | xv, 816 pages : |
| Other physical details | illustrations (chiefly color) ; |
| 650 #0 - TRACINGS | |
| Main Subject | Cancer |
| Subdivision (2nd) | Radiotherapy. |
| 700 1# - ADDITIONAL AUTHOR | |
| Additional Author | Washington, Charles M., |
| 700 1# - ADDITIONAL AUTHOR | |
| Additional Author | Leaver, Dennis T., |
| 700 1# - ADDITIONAL AUTHOR | |
| Additional Author | Trad, Megan, |
| 942 ## - ADDED ENTRY ELEMENTS (KOHA) | |
| Item type | Books |
| 050 00 - LIBRARY OF CONGRESS CALL NUMBER | |
| Classification number | RC271.R3 |
| Item number | P734 2021 |
| Source of classification or shelving scheme | Not for loan | Permanent location | Current location | Date acquired | Accession No. | Full call number | Barcode. | Koha item type |
|---|---|---|---|---|---|---|---|---|
| Library of Congress Classification | Medical Library | Medical Library | 03/24/2025 | 2024/64137 | RC271.R3.P73 | 2025-0918 | Books |